Manejo colectivo de los bienes y servicios ambientales en la microcuenca de Chaina. Síntesis e implementación de incentivos económicos para la conservación y uso sostenible de los bienes y servicios ambientales en la microcuenca de Chaina, Boyacá, Colombia (Registro nro. 6349)

Detalles MARC
000 -CABECERA
Campo de control 01672nam a2200253 a 4500
005 - FECHA Y HORA DE LA ULTIMA TRANSACCION
Campo de control 20141127091309.0
008 - ELEMENTOS DE LONGITUD FIJA—INFORMACION GENERAL
Campo de control 140128b2006 ck ||||| |||| 00| 0 spa d
040 ## - FUENTE DE CATALOGACIÓN
Agencia transcriptora CO-BoIH
041 ## - IDIOMA
Código de idioma para texto/pista de sonido o título separado Español
044 ## - PAÍS DE PUBLICACIÓN
País de publicación Colombia
090 ## - CLASIFICACIÓN LOCAL
Colección IAVH
Consecutivo 00865
100 ## - ASIENTO PRINCIPAL--NOMBRE PERSONAL
Nombre personal Borda, Carlos Andrés
245 ## - MENCION DE TITULO
Título Manejo colectivo de los bienes y servicios ambientales en la microcuenca de Chaina. Síntesis e implementación de incentivos económicos para la conservación y uso sostenible de los bienes y servicios ambientales en la microcuenca de Chaina, Boyacá, Colombia
260 ## - PUBLICACION, DISTRIBUCION, ETC. (PIE DE IMPRENTA)
Lugar de publicación, distribución, etc. Bogotá
Nombre del editor, distribuidor, etc. Instituto Alexander von Humboldt
Fecha de publicación, distribución, etc. 2006
300 ## - DESCRIPCION FISICA
Extensión 472 p.
520 ## - NOTA DE RESUMEN, ETC.
Nota de resumen A partir del análisis de los patrones de uso sobre la estructura y composición de los recursos del bosque, agua y biodiversidad, considerando tanto los aspectos biofísicos de la microcuenca como los aspectos socioeconómicos e institucionales de las poblaciones locales, se construyeron los indicadores de intervención y de conservación que sirvieron de base para la zonificación de la microcuenca Chaina y la construcción de los planes de manejo. Posteriormente se analizó como las instituciones afectan las decisiones de uso (incentivos) o conservación de los bienes y servicios de la microcuenca con el fin de determinar los instrumentos o mecanismos que permitan la generación de instituciones locales para la gestión colectiva de la microcuenca
650 ## - ASIENTO SECUNDARIO DE MATERIA - TERMINO TEMATICO
Término temático o nombre geográfico como elemento de entrada Manejo colectivo
650 ## - ASIENTO SECUNDARIO DE MATERIA - TERMINO TEMATICO
Término temático o nombre geográfico como elemento de entrada Bienes y servicios
650 ## - ASIENTO SECUNDARIO DE MATERIA - TERMINO TEMATICO
Término temático o nombre geográfico como elemento de entrada Microcuenca
650 ## - ASIENTO SECUNDARIO DE MATERIA - TERMINO TEMATICO
Término temático o nombre geográfico como elemento de entrada Incentivos económicos
662 ## - ASIENTO SECUNDARIO DE MATERIA - JERARQUIA DEL NOMBRE DE LUGAR(
País o entidad mayor Colombia
Jurisdicción política intermedia Chaina
Jurisdicción política de primer orden Boyacá
942 ## - ELEMENTOS ADICIONALES (KOHA)
Tipo de ítem Informe Técnico
Sistema de clasificación Local
Koha issues (borrowed), all copies 2
945 ## - PROCESAMIENTO LOCAL
AAAA-MM-DD - Fecha de ingreso o modificacion 2008-06-25
Existencias
Withdrawn status Lost status Sistema de Clasificación Damaged status No para préstamo Colección Inventariado Ubicación Permanente Ubicación actual Fecha de adquisición Total Checkouts Número topográfico Inventario / Código de Barras Date last seen Date checked out Ejemplar Price effective from Forma de adquisición Tipo de material
    Local     Humboldt Inventariado 2017 Bogotá Bogotá 25/06/2008 2 IAVH-00865 025923 09/08/2024 20/10/2014 Ej. 1 04/12/2012   Informe Técnico